Estadísticas para Países más cercanos a Kuwait

Haz click aquí para intentar la prueba.

Estadísticas generales

  • Esta prueba ha sido intentada 24 veces
  • La puntuación promedio es 17 de 20

Estadísticas de respuestas

kmpaís% Correcto
0Arabia Saudita
100%
379Catar
100%
776Jordania
100%
807Omán
100%
560Emiratos
Árabes Unidos
96%
0Irak
96%
20Irán
96%
1093Israel
96%
761Siria
96%
1106Yemen
96%
815Turquía
92%
1207Afganistán
88%
928Azerbaiyán
88%
1099Líbano
83%
983Armenia
79%
1207Pakistán
79%
322Baréin
75%
1132Egipto
71%
975Turkmenistán
71%
1096Palestina
46%

Distribución de puntuación

Porcentaje por número respondido

Porcentaje de gente con cada puntuación

Historial de tus puntuaciones

No has intentado esta prueba.